[Event "Titled Tuesday 2024.04.23 Late"]
[Site "chess.com INT"]
[Date "2024.04.23"]
[Round "6"]
[White "Mendes, Aaron Reeve"]
[Black "Mesquita, Eduardo Barbosa"]
[Result "1-0"]
[WhiteElo "2288"]
[BlackElo "1969"]
[PlyCount "93"]
[GameId "2130307544969197"]
[EventDate "2024.04.23"]
[EventType "swiss (blitz)"]
[EventRounds "11"]
[EventCountry "NET"]
[SourceTitle "The Week in Chess 1538"]
[Source "Mark Crowther"]
[SourceDate "2024.04.29"]
[SourceVersion "1"]
[SourceVersionDate "2024.04.29"]
[SourceQuality "2"]

1. e4 c5 2. Nf3 d6 3. Bb5+ Nd7 4. d4 cxd4 5. Nxd4 Ngf6 6. O-O e6 7. Re1 Be7 8. Bf1 O-O 9. c4 Qc7 10. Nc3 a6 11. f3 b6 12. Be3 Bb7 13. Rc1 Rfd8 14. Bf2 Rac8 15. b3 Qb8 16. Qe2 h6 17. g4 Ne5 18. h4 Ng6 19. h5 Ne5 20. Bh3 Nh7 21. f4 Nc6 22. Nf3 Bf6 23. Be3 Ba8 24. g5 hxg5 25. fxg5 Bxc3 26. Rxc3 Ne5 27. g6 Nf8 28. Nxe5 dxe5 29. gxf7+ Kxf7 30. Qf2+ Kg8 31. Bxb6 Rd7 32. Rg3 Rf7 33. Qe3 Bxe4 34. Bc5 Bf5 35. h6 Nh7 36. hxg7 e4 37. Bd4 Rd8 38. Bxf5 exf5 39. Rg2 Rdd7 40. Bc3 Qe8 41. Qh6 Qe7 42. Qxh7+ Kxh7 43. Rh2+ Kg6 44. g8=Q+ Rg7 45. Bxg7 Qxg7 46. Rg2+ Kh5 47. Rxg7 1-0

[Event "Menorca op"]
[Site "Ciutadella de Menorca ESP"]
[Date "2024.04.06"]
[Round "7.17"]
[White "Mendes, Aaron Reeve"]
[Black "Van Foreest, Jorden"]
[Result "0-1"]
[WhiteElo "2288"]
[BlackElo "2668"]
[PlyCount "110"]
[GameId "2130307545777645"]
[EventDate "2024.04.02"]
[EventType "swiss"]
[EventRounds "9"]
[EventCountry "ESP"]
[SourceTitle "10 Days #755"]
[Source "ChessMix"]
[SourceDate "2024.04.10"]
[SourceVersion "1"]
[SourceVersionDate "2024.04.10"]
[SourceQuality "1"]

1. e4 e6 2. d4 d5 3. e5 c5 4. c3 Nc6 5. Nf3 Bd7 6. Be2 Rc8 7. O-O a6 8. h3 h6 9. Be3 c4 10. Nbd2 Nge7 11. Ne1 Nf5 12. Bf4 b5 13. g4 Nfe7 14. a3 h5 15. Bg3 hxg4 16. hxg4 g5 17. Nef3 Ng6 18. Kg2 f5 19. Rh1 f4 20. Rxh8 Nxh8 21. Bh2 Kf7 22. Qc2 Kg7 23. Rh1 Ng6 24. Bg1 Be7 25. Qb1 Be8 26. Bd1 a5 27. b4 Ra8 28. Bc2 Ra7 29. Qb2 Nf8 30. a4 axb4 31. axb5 bxc3 32. Qxc3 Ra3 33. Qb2 c3 34. Qb1 Nb4 35. Nb3 Ra2 36. Na1 Qa5 37. b6 Qxb6 38. Bb3 Ra3 39. Qc1 Qa5 40. Bh2 Bg6 41. Qxc3 Be4 42. Rc1 Ng6 43. Qc8 Rxa1 44. Rc7 Qb5 45. Bc4 dxc4 46. Qxe6 Bxf3+ 47. Kh3 Bg2+ 48. Kxg2 Qd5+ 49. Qxd5 Nxd5 50. Rd7 Nh4+ 51. Kh3 Ra3+ 52. Bg3 fxg3 53. fxg3 Nf4+ 54. Kh2 Nf3+ 55. Kh1 Ra1# 0-1

[Event "Titled Tuesday 2024.03.26 Late"]
[Site "chess.com INT"]
[Date "2024.03.26"]
[Round "4"]
[White "Mendes, Aaron Reeve"]
[Black "Salman, Ilhan Serhat"]
[Result "1/2-1/2"]
[WhiteElo "2309"]
[BlackElo "2092"]
[PlyCount "69"]
[GameId "2130307546162679"]
[EventDate "2024.03.26"]
[EventType "swiss (blitz)"]
[EventRounds "11"]
[EventCountry "NET"]
[SourceTitle "The Week in Chess 1534"]
[Source "Mark Crowther"]
[SourceDate "2024.04.01"]
[SourceVersion "1"]
[SourceVersionDate "2024.04.01"]
[SourceQuality "2"]

1. Nf3 Nf6 2. b3 g6 3. Bb2 Bg7 4. d3 O-O 5. Nbd2 d5 6. g3 b6 7. Bg2 Bb7 8. O-O c5 9. Re1 Nc6 10. e4 Qd7 11. e5 Ne8 12. e6 fxe6 13. Bh3 Nc7 14. Bxg7 Kxg7 15. Qc1 Rf6 16. Qb2 Raf8 17. Ng5 Nd4 18. f4 h6 19. Ngf3 Nxf3+ 20. Nxf3 d4 21. Ne5 Qd5 22. Re4 Nb5 23. Ng4 Nc3 24. Nxf6 Rxf6 25. Bg2 Nxe4 26. Bxe4 Qd7 27. Re1 Bxe4 28. Rxe4 Qd5 29. Qc1 g5 30. Re5 Qf3 31. fxg5 Qf2+ 32. Kh1 Qf3+ 33. Kg1 Qf2+ 34. Kh1 Qf3+ 35. Kg1 1/2-1/2

[Event "Titled Tuesday 2024.02.20 Late"]
[Site "chess.com INT"]
[Date "2024.02.20"]
[Round "6"]
[White "Mendes, Aaron Reeve"]
[Black "Polster, Christian"]
[Result "0-1"]
[WhiteElo "2309"]
[BlackElo "2265"]
[PlyCount "188"]
[GameId "2130307547256824"]
[EventDate "2024.02.20"]
[EventType "swiss (blitz)"]
[EventRounds "11"]
[EventCountry "NET"]
[SourceTitle "The Week in Chess 1529"]
[Source "Mark Crowther"]
[SourceDate "2024.02.26"]
[SourceVersion "1"]
[SourceVersionDate "2024.02.26"]
[SourceQuality "2"]

1. e4 c5 2. Nf3 d6 3. Bb5+ Nd7 4. d4 cxd4 5. Nxd4 Ngf6 6. O-O a6 7. Bd3 g6 8. Re1 Bg7 9. Bf1 O-O 10. c4 Nc5 11. Nc3 Ne6 12. Nxe6 Bxe6 13. Be3 Nd7 14. Bd4 Bxd4 15. Qxd4 Qb6 16. Qxb6 Nxb6 17. Nd5 Bxd5 18. exd5 Rfe8 19. Rad1 a5 20. Re3 Nd7 21. Rde1 Kf8 22. Rh3 h5 23. Rb3 Nc5 24. Rb5 a4 25. b4 axb3 26. axb3 Ra7 27. b4 Nd7 28. c5 Rc8 29. Rc1 dxc5 30. bxc5 Nf6 31. c6 bxc6 32. dxc6 Rac7 33. Rbc5 Ne4 34. R5c2 Nd6 35. g3 e5 36. Bg2 Ke7 37. Rc5 f6 38. Re1 Ke6 39. f4 e4 40. Rec1 f5 41. Kf2 Ne8 42. Ke3 Kd6 43. Kd4 Rxc6 44. Rd5+ Ke6 45. Re5+ Kf7 46. Rxc6 Rxc6 47. Rd5 Rd6 48. Bf1 Ke6 49. Rxd6+ Nxd6 50. Be2 Kf6 51. Kd5 Nf7 52. Kc6 Nh6 53. h3 h4 54. gxh4 Ng8 55. Kd7 Kg7 56. Ke6 Nf6 57. h5 Nxh5 58. Ke5 Kh6 59. Bc4 Ng3 60. Kd4 Nh5 61. Ke3 Kg7 62. Be2 Kf6 63. Bd1 Ng7 64. h4 Ne6 65. Be2 Nc5 66. Bd1 Nd7 67. Be2 Nb6 68. Bf1 Ke6 69. Kf2 Kd5 70. Kg3 Kd4 71. Be2 Nd5 72. h5 gxh5 73. Bxh5 Ke3 74. Bg6 Ne7 75. Bh5 Kd2 76. Kf2 e3+ 77. Kf1 Nc6 78. Be2 Nd4 79. Bc4 e2+ 80. Bxe2 Nxe2 81. Kf2 Kd3 82. Kf3 Nd4+ 83. Kg3 Ke4 84. Kh4 Kxf4 85. Kh5 Ke3 86. Kg5 f4 87. Kg4 f3 88. Kg3 f2 89. Kh3 Ke2 90. Kh2 f1=Q 91. Kg3 Qf5 92. Kh2 Qg6 93. Kh1 Kf2 94. Kh2 Qh7# 0-1

[Event "Titled Tuesday 2024.01.16 Late"]
[Site "chess.com INT"]
[Date "2024.01.16"]
[Round "4"]
[White "Drygalov, Sergey"]
[Black "Mendes, Aaron Reeve"]
[Result "0-1"]
[WhiteElo "2547"]
[BlackElo "2309"]
[PlyCount "104"]
[GameId "2130307548616559"]
[EventDate "2024.01.16"]
[EventType "swiss (blitz)"]
[EventRounds "11"]
[EventCountry "NET"]
[SourceTitle "The Week in Chess 1524"]
[Source "Mark Crowther"]
[SourceDate "2024.01.22"]
[SourceVersion "2"]
[SourceVersionDate "2024.01.23"]
[SourceQuality "2"]

1. d4 Nf6 2. c4 c6 3. Nf3 d5 4. Nc3 dxc4 5. a4 Bf5 6. Ne5 Nbd7 7. Nxc4 Nb6 8. Ne5 a5 9. h4 e6 10. f3 Nfd7 11. e4 Nxe5 12. exf5 Ned7 13. fxe6 fxe6 14. Qb3 Qf6 15. Bg5 Qf7 16. O-O-O h6 17. Bd2 Bb4 18. g4 O-O-O 19. Bg2 Nd5 20. Rhe1 Rde8 21. Kb1 g5 22. Ne4 Kc7 23. h5 Bxd2 24. Nxd2 e5 25. Ne4 Qf4 26. dxe5 Rxe5 27. Rc1 Qf8 28. Red1 Qb4 29. Qd3 Rd8 30. Rc4 Qe7 31. Qd4 N7b6 32. Rc5 Rd7 33. Rdc1 Re6 34. Rxa5 Nf4 35. Qc3 Nxg2 36. Nc5 Re3 37. Qb4 Qh7+ 38. Ka1 Rd5 39. Ra7 Rxc5 40. Qxc5 Rb3 41. a5 Nd7 42. Qxc6+ Kd8 43. Ra8+ Ke7 44. Qd5 Qd3 45. Qg8 Qxf3 46. Qg7+ Kd6 47. Qxh6+ Kd5 48. Qxg5+ Ne5 49. Qd8+ Ke4 50. Qd2 Nf4 51. Re8 Nfd3 52. Rd8 Nxc1 0-1

[Event "North America-ch U20"]
[Site "Dulles USA"]
[Date "2023.12.20"]
[Round "3.2"]
[White "Mendes, Aaron Reeve"]
[Black "Xiong, Lang"]
[Result "1-0"]
[WhiteElo "2328"]
[BlackElo "1983"]
[PlyCount "63"]
[GameId "2130307549883551"]
[EventDate "2023.12.19"]
[EventType "swiss"]
[EventRounds "9"]
[EventCountry "USA"]
[SourceTitle "10 Days #745"]
[Source "ChessMix"]
[SourceDate "2024.01.01"]
[SourceVersion "1"]
[SourceVersionDate "2024.01.01"]
[SourceQuality "1"]

1. e4 c6 2. Nf3 d5 3. Nc3 dxe4 4. Nxe4 Nf6 5. Qe2 Nxe4 6. Qxe4 Nd7 7. d4 Nf6 8. Qd3 e6 9. c3 h6 10. Bf4 Bd6 11. Be5 O-O 12. Qc4 Nd5 13. Rd1 Qc7 14. Bd3 Nf4 15. Bxf4 Bxf4 16. Be4 Bd6 17. O-O e5 18. dxe5 Be7 19. Bb1 Be6 20. Qe4 g6 21. Nd4 Bd5 22. Qe2 Qc8 23. f4 Kh8 24. f5 Bc5 25. c4 Rd8 26. cxd5 Rxd5 27. Qe3 Qd7 28. Qxh6+ Kg8 29. fxg6 fxg6 30. Qxg6+ Qg7 31. Qe6+ Kh8 32. Rf4 1-0

[Event "North America-ch U20"]
[Site "Dulles USA"]
[Date "2023.12.20"]
[Round "4.1"]
[White "Montes Orozco, Miguel Angel"]
[Black "Mendes, Aaron Reeve"]
[Result "1/2-1/2"]
[WhiteElo "2155"]
[BlackElo "2328"]
[PlyCount "53"]
[GameId "2130307549883570"]
[EventDate "2023.12.19"]
[EventType "swiss"]
[EventRounds "9"]
[EventCountry "USA"]
[SourceTitle "10 Days #745"]
[Source "ChessMix"]
[SourceDate "2024.01.01"]
[SourceVersion "1"]
[SourceVersionDate "2024.01.01"]
[SourceQuality "1"]

1. Nf3 d5 2. e3 Nf6 3. c4 c6 4. Nc3 Nbd7 5. Qc2 e6 6. b3 Bd6 7. Bb2 a6 8. d4 O-O 9. Be2 e5 10. cxd5 cxd5 11. dxe5 Nxe5 12. O-O Qc7 13. h3 Nxf3+ 14. Bxf3 Be6 15. Rac1 Rac8 16. Qb1 Qb8 17. Ne2 Be5 18. Qa1 Bxb2 19. Qxb2 Bf5 20. Nf4 Be4 21. Be2 Qd6 22. Rfd1 Qb6 23. Rd4 Rc6 24. Qd2 Rfc8 25. Rxc6 Rxc6 26. Bd1 g5 27. Nd3 1/2-1/2

[Event "North America-ch U20"]
[Site "Dulles USA"]
[Date "2023.12.21"]
[Round "5.1"]
[White "Mendes, Aaron Reeve"]
[Black "Hebbar, Eshaan"]
[Result "1-0"]
[WhiteElo "2328"]
[BlackElo "2006"]
[PlyCount "146"]
[GameId "2130307549883590"]
[EventDate "2023.12.19"]
[EventType "swiss"]
[EventRounds "9"]
[EventCountry "USA"]
[SourceTitle "10 Days #745"]
[Source "ChessMix"]
[SourceDate "2024.01.01"]
[SourceVersion "1"]
[SourceVersionDate "2024.01.01"]
[SourceQuality "1"]

1. e4 e5 2. Nf3 Nc6 3. Bc4 Bc5 4. c3 Nf6 5. d3 d6 6. O-O h6 7. Re1 O-O 8. h3 Bb6 9. Nbd2 Ne7 10. a4 a5 11. d4 exd4 12. cxd4 d5 13. e5 Ne4 14. Bd3 Nxd2 15. Bxd2 c5 16. Be3 c4 17. Bc2 Nf5 18. Bf4 Nh4 19. Nxh4 Qxh4 20. Be3 f6 21. Qf3 Be6 22. Bf5 Bxf5 23. Qxf5 Rae8 24. exf6 Qe4 25. Qd7 Rxf6 26. Bd2 Rd8 27. Qxd8+ Bxd8 28. Rxe4 dxe4 29. Rc1 Rc6 30. d5 Rc5 31. Be3 Rxd5 32. Rxc4 Bf6 33. b4 axb4 34. Rxb4 Rd7 35. Rxe4 Rd1+ 36. Kh2 Rb1 37. g3 Kf7 38. Kg2 b5 39. axb5 Rxb5 40. Ra4 Ke6 41. Ra6+ Kf7 42. Ra7+ Ke6 43. Kf3 Rf5+ 44. Ke2 Rb5 45. Ra6+ Kf5 46. g4+ Kg6 47. f4 Kf7 48. Kf3 Rb3 49. Ra7+ Ke6 50. f5+ Kd5 51. Ra5+ Kd6 52. Ra6+ Kd5 53. Re6 Bg5 54. Ke2 Rb2+ 55. Kd1 Bxe3 56. Rxe3 Rb6 57. Ke2 Rf6 58. Re7 g6 59. fxg6 Rxg6 60. Kf3 Kd6 61. Rh7 Ke5 62. Kg3 Ra6 63. Kh4 Kf4 64. Rf7+ Ke4 65. Kh5 Rb6 66. Rh7 Rb3 67. h4 Kf4 68. Rxh6 Rh3 69. Ra6 Rg3 70. Ra4+ Ke5 71. Kg6 Rh3 72. h5 Ke6 73. h6 Kd5 1-0

[Event "North America-ch U20"]
[Site "Dulles USA"]
[Date "2023.12.21"]
[Round "6.1"]
[White "Yehamandram Sridhar, Yogeshwar"]
[Black "Mendes, Aaron Reeve"]
[Result "0-1"]
[WhiteElo "2013"]
[BlackElo "2328"]
[PlyCount "104"]
[GameId "2130307549883610"]
[EventDate "2023.12.19"]
[EventType "swiss"]
[EventRounds "9"]
[EventCountry "USA"]
[SourceTitle "10 Days #745"]
[Source "ChessMix"]
[SourceDate "2024.01.01"]
[SourceVersion "1"]
[SourceVersionDate "2024.01.01"]
[SourceQuality "1"]

1. c4 e5 2. Nc3 Nf6 3. g3 c6 4. d4 e4 5. Bg2 d5 6. Bg5 Nbd7 7. cxd5 cxd5 8. Nh3 h6 9. Bxf6 Nxf6 10. O-O Bd7 11. Qb3 Bc6 12. f3 exf3 13. Bxf3 Qb6 14. Nf4 Rd8 15. Qxb6 axb6 16. a3 Be7 17. b4 g5 18. Nd3 O-O 19. e3 Rd6 20. Ne5 Kg7 21. b5 Bd7 22. Nxd7 Rxd7 23. Na4 Rd6 24. Kf2 Ra8 25. Nb2 Rdd8 26. a4 Rdc8 27. Nd3 Rc3 28. Ne5 Ba3 29. Ng4 Ne4+ 30. Bxe4 dxe4 31. Kg1 Rxa4 32. Ne5 f6 33. Ng4 Rac4 34. Nxf6 Rxe3 35. Nd5 Rd3 36. Nxb6 Rcxd4 37. Kh1 e3 38. Rfe1 Rb4 39. Re2 Rxb5 40. Nc4 Bc5 41. Rf1 Rc3 42. Ne5 Bd4 43. Nf3 Bf6 44. Rd1 Rbb3 45. Nd4 Bxd4 46. Rxd4 b5 47. Kg2 h5 48. Ra2 Rd3 49. Ra7+ Kf6 50. Rxd3 Rxd3 51. Rb7 e2 52. Kf2 Re3 0-1

[Event "North America-ch U20"]
[Site "Dulles USA"]
[Date "2023.12.22"]
[Round "7.1"]
[White "Mendes, Aaron Reeve"]
[Black "Zhao, Erick"]
[Result "1/2-1/2"]
[WhiteElo "2328"]
[BlackElo "2328"]
[PlyCount "138"]
[GameId "2130307549883630"]
[EventDate "2023.12.19"]
[EventType "swiss"]
[EventRounds "9"]
[EventCountry "USA"]
[SourceTitle "10 Days #745"]
[Source "ChessMix"]
[SourceDate "2024.01.01"]
[SourceVersion "1"]
[SourceVersionDate "2024.01.01"]
[SourceQuality "1"]

1. e4 c5 2. Nf3 e6 3. b3 a6 4. Bb2 Nc6 5. Qe2 d6 6. d4 cxd4 7. Nxd4 Nxd4 8. Bxd4 Nf6 9. g3 b5 10. Bg2 Bb7 11. O-O e5 12. Bb2 Be7 13. Nd2 O-O 14. c4 Qb6 15. Kh1 Nd7 16. Rac1 b4 17. f4 f6 18. a4 Nc5 19. f5 Bc6 20. Rfe1 g6 21. g4 Kf7 22. Rb1 g5 23. Bc1 a5 24. Nf1 Qb7 25. Ng3 Bd8 26. Qc2 Bb6 27. Be3 Ke7 28. Rbd1 Rad8 29. Bf3 Qa7 30. Bg1 h6 31. Kg2 Rh8 32. Bf2 Rh7 33. Rh1 Rdh8 34. h4 Qb8 35. Rh2 Qg8 36. Rdh1 Be8 37. Be3 Bc6 38. Kf2 Qf7 39. Rh3 Be8 40. Ke2 Qg7 41. Qd1 Bf7 42. R1h2 Bg8 43. Nh5 Qf8 44. Bf2 Qf7 45. Kf1 Qf8 46. Kg2 Qf7 47. Qh1 Ba7 48. Qg1 Qf8 49. Be3 Qf7 50. Qh1 Kf8 51. Nxf6 Qxf6 52. hxg5 Qe7 53. g6 Rg7 54. g5 Nd3 55. gxh6 Bxe3 56. hxg7+ Kxg7 57. Rxh8 Bh6 58. R2xh6 Qg5+ 59. Kf1 Qc1+ 60. Ke2 Nf4+ 61. Kf2 Nd3+ 62. Kg2 Qd2+ 63. Kg3 Qf4+ 64. Kg2 Qd2+ 65. Kg3 Qf4+ 66. Kh3 Nf2+ 67. Kg2 Nxh1 68. Rxh1 Qd2+ 69. Kg3 Qf4+ 1/2-1/2

[Event "North America-ch U20"]
[Site "Dulles USA"]
[Date "2023.12.22"]
[Round "8.1"]
[White "Xu, Daniel"]
[Black "Mendes, Aaron Reeve"]
[Result "1-0"]
[WhiteElo "2255"]
[BlackElo "2328"]
[PlyCount "123"]
[GameId "2130307549887746"]
[EventDate "2023.12.19"]
[EventType "swiss"]
[EventRounds "9"]
[EventCountry "USA"]
[SourceTitle "10 Days #745"]
[Source "ChessMix"]
[SourceDate "2024.01.01"]
[SourceVersion "1"]
[SourceVersionDate "2024.01.01"]
[SourceQuality "1"]

1. e4 c5 2. c3 Nf6 3. e5 Nd5 4. d4 cxd4 5. Nf3 Nc6 6. cxd4 d6 7. Bc4 e6 8. O-O Nb6 9. Bd3 Nb4 10. Bg5 Be7 11. Bxe7 Qxe7 12. Nc3 Nxd3 13. Qxd3 O-O 14. exd6 Qxd6 15. Ng5 g6 16. Qh3 h5 17. Qh4 Nd5 18. Rfe1 Qf4 19. Qxf4 Nxf4 20. Rad1 Rd8 21. g3 Nd5 22. Nxd5 Rxd5 23. Ne4 Kg7 24. Nc3 Rd8 25. Re5 b6 26. d5 exd5 27. Rexd5 Rxd5 28. Rxd5 Be6 29. Rd4 Rc8 30. Kg2 Rc5 31. Kf3 g5 32. Ke3 b5 33. a4 bxa4 34. Rxa4 Rc7 35. h4 gxh4 36. Rxh4 Kg6 37. Ne2 Rc2 38. Nf4+ Kf6 39. Nxh5+ Kg5 40. Nf4 Rxb2 41. Nxe6+ fxe6 42. Ra4 Rb7 43. Ra5+ Kf6 44. f4 Re7 45. Ra6 Rb7 46. g4 Rb3+ 47. Kf2 Rb7 48. Ra5 Kg6 49. Kg3 Rb3+ 50. Kh4 Rb4 51. Kg3 Rb7 52. g5 Rb6 53. Kf3 a6 54. Ke4 Rb4+ 55. Kf3 Rb6 56. Kg4 Rc6 57. Re5 Rb6 58. Kf3 Rb3+ 59. Ke2 Rb6 60. Kd3 Rb3+ 61. Kc4 Rb6 62. Re1 1-0

[Event "US Masters"]
[Site "Charlotte USA"]
[Date "2023.11.25"]
[Round "6.21"]
[White "Mendes, Aaron Reeve"]
[Black "Cruz, Cristhian"]
[Result "0-1"]
[WhiteElo "2262"]
[BlackElo "2498"]
[PlyCount "142"]
[GameId "2129404702747985"]
[EventDate "2023.11.24"]
[EventType "swiss"]
[EventRounds "9"]
[EventCountry "USA"]
[SourceTitle "10 Days #742"]
[Source "ChessMix"]
[SourceDate "2023.12.01"]
[SourceVersion "1"]
[SourceVersionDate "2023.12.01"]
[SourceQuality "1"]
[TimeControl "5400+30"]

1. e4 {[%emt 1:31:00]} e6 {[%emt 0:03:27]} 2. Nf3 {[%emt 0:00:00]} d5 {[%emt 0:00:24]} 3. Nc3 {[%emt 0:00:00]} d4 {[%emt 0:00:27]} 4. Ne2 {[%emt 0:00:00]} c5 {[%emt 0:01:03]} 5. c3 {[%emt 0:00:00]} Nf6 {[%emt 0:01:01]} 6. e5 {[%emt 0:00:00]} Nfd7 {[%emt 1:27:08]} 7. cxd4 {[%emt 0:00:00]} cxd4 {[%emt 0:00:00]} 8. Nexd4 {[%emt 0:00:00]} Nxe5 {[%emt 0:01:00]} 9. Nxe5 {[%emt 0:00:00]} Qxd4 {[%emt 0:00:00]} 10. Nf3 {[%emt 0:00:00]} Qd6 {[%emt 0:00:00]} 11. d4 {[%emt 0:00:00]} Be7 {[%emt 0:00:00]} 12. Bd3 {[%emt 0:00:00]} O-O {[%emt 0:00:00]} 13. O-O {[%emt 0:00:00]} Nc6 {[%emt 0:02:30]} 14. Be3 {[%emt 0:00:00]} b6 {[%emt 0:00:00]} 15. Be4 {[%emt 0:00:00]} Bb7 {[%emt 0:00:00]} 16. Ne5 {[%emt 0:00:00]} f5 {[%emt 0:00:00]} 17. Bxc6 {[%emt 0:00:00]} Bxc6 {[%emt 0:00:00]} 18. Bf4 {[%emt 0:00:00]} Qd5 {[%emt 0:00:00]} 19. Nxc6 {[%emt 0:00:00]} Qxc6 {[%emt 0:00:00]} 20. Qb3 {[%emt 0:00:00]} Qd5 {[%emt 0:00:00]} 21. Qxd5 {[%emt 0:00:00]} exd5 {[%emt 0:00:00]} 22. Rac1 {[%emt 0:00:00]} Rac8 {[%emt 0:00:00]} 23. Be5 {[%emt 0:00:00]} Kf7 {[%emt 0:00:00]} 24. Rfe1 {[%emt 0:00:00]} Bb4 {[%emt 0:00:00]} 25. Red1 {[%emt 0:00:00]} Bd2 {[%emt 0:00:00]} 26. Rc7+ {[%emt 0:00:00]} Rxc7 {[%emt 0:00:00]} 27. Bxc7 {[%emt 0:00:00]} Bh6 {[%emt 0:00:00]} 28. Bd6 {[%emt 0:00:00]} Rc8 {[%emt 0:00:00]} 29. Bb4 {[%emt 0:00:00]} Rc2 {[%emt 0:00:00]} 30. Rb1 {[%emt 0:00:00]} Bc1 {[%emt 0:00:00]} 31. Bc3 {[%emt 0:00:00]} Bd2 {[%emt 0:00:00]} 32. Bxd2 {[%emt 0:00:00]} Rxd2 {[%emt 0:00:00]} 33. Kf1 {[%emt 0:00:00]} Ke6 {[%emt 0:00:00]} 34. Ke1 {[%emt 0:00:00]} Rxd4 {[%emt 0:00:00]} 35. b3 {[%emt 0:00:00]} a5 {[%emt 0:00:00]} 36. f3 {[%emt 0:00:00]} Kd6 {[%emt 0:00:00]} 37. Ke2 {[%emt 0:00:00]} f4 {[%emt 0:00:00]} 38. a3 {[%emt 0:00:00]} b5 {[%emt 0:00:00]} 39. g3 {[%emt 0:00:00]} g6 {[%emt 0:00:00]} 40. Rb2 {[%emt 0:00:00]} h5 {[%emt 0:00:00]} 41. Rb1 {[%emt 0:00:42]} g5 {[%emt 0:00:00]} 42. Rg1 {[%emt 0:01:07]} Ke5 {[%emt 0:14:30]} 43. h4 {[%emt 0:02:20]} g4 {[%emt 0:00:00]} 44. fxg4 {[%emt 0:02:40]} hxg4 {[%emt 0:00:00]} 45. gxf4+ {[%emt 0:00:14]} Kxf4 {[%emt 0:01:30]} 46. Rf1+ {[%emt 0:02:18]} Kg3 {[%emt 0:00:00]} 47. h5 {[%emt 0:00:01]} Re4+ {[%emt 0:00:00]} 48. Kd3 {[%emt 0:00:18]} Re6 {[%emt 0:00:00]} 49. Rf5 {[%emt 0:06:23]} Kh4 {[%emt 0:00:00]} 50. Kd4 {[%emt 0:02:35]} g3 {[%emt 0:00:00]} 51. Kxd5 {[%emt 0:02:52]} Rh6 {[%emt 0:00:00]} 52. Rf4+ {[%emt 0:00:22]} Kh3 {[%emt 0:00:00]} 53. Rf5 {[%emt 0:00:17]} Kg4 {[%emt 0:00:00]} 54. Rf1 {[%emt 0:01:56]} g2 {[%emt 0:00:00]} 55. Rg1 {[%emt 0:00:32]} Kg3 {[%emt 0:00:00]} 56. Kc5 {[%emt 0:00:58]} Rxh5+ {[%emt 0:00:00]} 57. Kb6 {[%emt 0:00:02]} b4 {[%emt 0:00:00]} 58. axb4 {[%emt 0:00:07]} axb4 {[%emt 0:00:00]} 59. Rc1 {[%emt 0:00:26]} Rh1 {[%emt 0:00:09]} 60. Rc7 {[%emt 0:00:22]} g1=Q+ {[%emt 0:00:19]} 61. Kb7 {[%emt 0:00:02]} Qd4 {[%emt 0:00:22]} 62. Ka8 {[%emt 0:00:10]} Ra1+ {[%emt 0:00:17]} 63. Kb8 {[%emt 0:00:05]} Qd8+ {[%emt 0:00:12]} 64. Kb7 {[%emt 0:00:08]} Qa8+ {[%emt 0:00:17]} 65. Kb6 {[%emt 0:00:02]} Qa5+ {[%emt 0:00:17]} 66. Kc6 {[%emt 0:00:06]} Rc1+ {[%emt 0:00:06]} 67. Kd6 {[%emt 0:00:02]} Qxc7+ {[%emt 0:00:07]} 68. Ke6 {[%emt 0:00:06]} Re1+ {[%emt 0:00:11]} 69. Kf6 {[%emt 0:00:05]} Qd6+ {[%emt 0:00:07]} 70. Kf7 {[%emt 0:00:05]} Re7+ {[%emt 0:00:05]} 71. Kg8 {[%emt 0:00:06]} Qd8# {[%emt 0:00:05]} 0-1

[Event "Titled Tuesday 2023.11.14 Late"]
[Site "chess.com INT"]
[Date "2023.11.14"]
[Round "1"]
[White "Mendes, Aaron Reeve"]
[Black "Jimenez Ruano, Adrian"]
[Result "1-0"]
[WhiteElo "2262"]
[BlackElo "2281"]
[PlyCount "161"]
[GameId "2130307551071064"]
[EventDate "2023.11.14"]
[EventType "swiss (blitz)"]
[EventRounds "11"]
[EventCountry "NET"]
[SourceTitle "The Week in Chess 1515"]
[Source "Mark Crowther"]
[SourceDate "2023.11.20"]
[SourceVersion "1"]
[SourceVersionDate "2023.11.20"]
[SourceQuality "2"]

1. e4 c5 2. Nf3 d6 3. Bb5+ Nd7 4. d4 cxd4 5. Nxd4 Ngf6 6. O-O g6 7. Re1 Bg7 8. Bf1 O-O 9. c4 a6 10. Nc3 Qc7 11. b3 b5 12. Bb2 bxc4 13. Bxc4 Bb7 14. Nd5 Nxd5 15. exd5 Nb6 16. Rc1 Nxc4 17. bxc4 Rfe8 18. h4 Rab8 19. h5 Qa5 20. a3 Bxd5 21. Nb3 Qa4 22. Bxg7 Qxb3 23. Qxd5 Kxg7 24. h6+ Kg8 25. Qd4 f6 26. Qd5+ Kf8 27. Re6 Qb7 28. Qd4 Qb2 29. Qe3 Rb3 30. Qe1 Rxa3 31. Rd1 a5 32. Rdxd6 Ra1 33. Rd1 Rxd1 34. Qxd1 Qc3 35. Qf1 a4 36. Ra6 a3 37. Qb1 Qb2 38. Qxb2 axb2 39. Rb6 Rc8 40. Rxb2 Rxc4 41. Rb8+ Kf7 42. Rh8 Rh4 43. Rxh7+ Kg8 44. Rg7+ Kf8 45. Rxg6 Kf7 46. Rg7+ Kf8 47. Rh7 Kg8 48. Rxe7 Rxh6 49. g3 Rh5 50. Kg2 Rd5 51. Kf3 Kf8 52. Ra7 Rf5+ 53. Kg2 Rd5 54. f3 Rd2+ 55. Kh3 Rd3 56. Kg4 Rd4+ 57. f4 Rd5 58. Rb7 Kg8 59. Kh4 Kf8 60. g4 Kg8 61. f5 Kf8 62. Kh5 Rd4 63. Kg6 Rxg4+ 64. Kxf6 Ke8 65. Rb8+ Kd7 66. Kf7 Rh4 67. f6 Rg4 68. Rb2 Kd6 69. Rd2+ Ke5 70. Ke7 Kf5 71. f7 Re4+ 72. Kd6 Re6+ 73. Kd7 Rf6 74. Rf2+ Kg6 75. Rxf6+ Kxf6 76. f8=Q+ Kg6 77. Ke6 Kh7 78. Qf3 Kg8 79. Qg3+ Kh8 80. Kf7 Kh7 81. Qh3# 1-0

[Event "Titled Tuesday 2023.04.25 Late"]
[Site "chess.com INT"]
[Date "2023.04.25"]
[Round "2"]
[White "Saveliev, Alexei"]
[Black "Mendes, Aaron Reeve"]
[Result "1-0"]
[WhiteElo "2385"]
[BlackElo "2043"]
[PlyCount "115"]
[GameId "2130307560910618"]
[EventDate "2023.04.25"]
[EventType "swiss (blitz)"]
[EventRounds "11"]
[EventCountry "NET"]
[SourceTitle "The Week in Chess 1486"]
[Source "Mark Crowther"]
[SourceDate "2023.05.01"]
[SourceVersion "1"]
[SourceVersionDate "2023.05.01"]
[SourceQuality "2"]

1. c4 e5 2. Nc3 Nf6 3. Nf3 e4 4. Ng5 Qe7 5. Qc2 d5 6. cxd5 Bf5 7. f3 Nbd7 8. Ngxe4 O-O-O 9. d4 Nb6 10. Bg5 Nbxd5 11. Nd6+ Qxd6 12. Qxf5+ Kb8 13. Nxd5 Qxd5 14. Qxd5 Rxd5 15. Bxf6 gxf6 16. e3 Bh6 17. Kf2 Re8 18. Re1 f5 19. Bc4 Rd7 20. g3 a6 21. Re2 b5 22. Bb3 c5 23. dxc5 Rd3 24. Rhe1 f6 25. e4 fxe4 26. Rxe4 Rd2+ 27. R1e2 Rxe4 28. fxe4 Rxe2+ 29. Kxe2 Bc1 30. Bg8 h6 31. b3 Kc7 32. Bd5 a5 33. Kf3 Ba3 34. c6 Kd6 35. Kf4 Bc1+ 36. Kf5 Bb2 37. Kg6 Be5 38. Kxh6 f5 39. Kg5 fxe4 40. Bxe4 Kc5 41. Kg4 Kb4 42. h4 Ka3 43. h5 Kxa2 44. h6 Kxb3 45. h7 a4 46. c7 Bxc7 47. h8=Q a3 48. Qc8 a2 49. Bd5+ Kb2 50. Bxa2 Be5 51. Bd5 b4 52. Qc4 Bc3 53. Qb3+ Kc1 54. Kf3 Kd2 55. Be4 Ke1 56. Qb1+ Kd2 57. Qc2+ Ke1 58. Qe2# 1-0

[Event "Titled Tuesday 2023.04.25 Late"]
[Site "chess.com INT"]
[Date "2023.04.25"]
[Round "5"]
[White "Mendes, Aaron Reeve"]
[Black "Govender, Kaedan"]
[Result "1-0"]
[WhiteElo "2043"]
[BlackElo "1288"]
[PlyCount "35"]
[GameId "2130307560914827"]
[EventDate "2023.04.25"]
[EventType "swiss (blitz)"]
[EventRounds "11"]
[EventCountry "NET"]
[SourceTitle "The Week in Chess 1486"]
[Source "Mark Crowther"]
[SourceDate "2023.05.01"]
[SourceVersion "1"]
[SourceVersionDate "2023.05.01"]
[SourceQuality "2"]

1. e4 c5 2. Nf3 a6 3. d4 cxd4 4. Qxd4 Nc6 5. Qd2 d6 6. b3 Nf6 7. Bb2 g6 8. Nc3 Bg7 9. O-O-O O-O 10. h4 h5 11. Kb1 Qb6 12. Nd5 Nxd5 13. exd5 Ne5 14. Nxe5 dxe5 15. Be2 Bf5 16. g4 Bxg4 17. Bxg4 hxg4 18. h5 1-0